000
00323nam a2200109Ia 4500
008
171211s9999 xx 000 0 und d
245
_a
200 Love Lessons from the Movies: Staying Moonstruck for Life
245
_c
Leslie C. Halpern
260
_c
2016
650
_x
ART
856
_u
http://down.ebook777.com/061/1630761370.pdf
999
_c
348592
_d
348592